Poeti e Novellieri 1995

Saved in:
Bibliographic Details
Main Author: Silver Press
Format: Book
Language:Undetermined
Published: Tipografia Ateneo
Tags: Add Tag
No Tags, Be the first to tag this record!

MARC

LEADER 00000nam a2200000Ia 4500
001 R-141
003 CODICE-MESSINA
005 20260212102447.0
008 260211s9999 xx 000 0 und d
040 |c importazione_messina 
100 |a Silver Press 
245 0 |a Poeti e Novellieri 1995 
260 |b Tipografia Ateneo 
942 |2 ddc  |c BK 
952 |0 0  |1 0  |2 ddc  |4 0  |6 SCAFFALE_2_000000000000000__ARTE  |7 0  |9 30962  |a ME  |b ME  |d 2026-02-11  |l 0  |o SCAFFALE 2 - ARTE  |p R-141  |r 2026-02-11 23:52:14  |w 2026-02-11  |x [REVISIONARE]  |y BK 
999 |c 26624  |d 26624